000 00985nam a2200277 i 4500
001 188466
003 SpMaBN
005 20240125063200.0
008 181120s2012 xxk |||| | spa d
020 _a978-0-19-969515-7
080 _a820(417)-31"19"
100 1 _aJoyce, James,
_d1882-1941
_967077
245 1 0 _aFinnegans wake /
_cJames Joyce ; edited by Robbert-Jan Henkes, Erik Bindervoet and Finn Fordham.
260 _aOxford :
_bOxford University Press,
_c2012.
300 _aLXII, 646 p. ;
_c20 cm.
490 1 _aOxford world's classics
500 _aCronología.
504 _aBibliografía: p. [L]-LV.
700 1 _aHenkes, Robbert-Jan.
_9165608
830 0 _aOxford world's classics
_9193060
852 _aES-MaACL
_jA-14271
_9195596
_bR.151793
_cDEPO1
_dOlim: N-7271
_hDonacion: Embajada de Irlanda
914 _9234032
_aEmbajada de Irlanda en España
_ednr
942 _2udc
_cMONOGRAFIA
999 _c188466
_d188466